|
|
|
|
| LEADER |
00000nam a2200000 a 4500 |
| 001 |
vtls001276498 |
| 003 |
SK-MaSNL |
| 005 |
20260301004137.0 |
| 008 |
240313s1970 xx 0 und |
| 035 |
|
|
|a SNK000227747
|
| 040 |
|
|
|a SNK
|b slo
|c SNK
|e AACR2
|
| 100 |
1 |
|
|a Bok, Václav,
|d 1939-
|4 aut
|9 198183
|
| 245 |
1 |
|
|a Texte und Übungen zum Konversationsunterricht
|
| 260 |
|
|
|a Plzeň
|b PF
|c 1970
|
| 300 |
|
|
|a 141 s.
|
| 958 |
|
|
|a OND
|
| 999 |
|
|
|c 541313
|d 543243
|
| 952 |
|
|
|t P60, <04>, [BOOK], {604}
|a SNK
|b SNK
|y VYP
|7 0
|p 17A0039123
|o snkIB 24958 D1
|0 0
|1 1
|4 0
|d 1997-02-18
|l 0
|r 2005-01-02 00:00:00
|w 2026-02-23
|